El caballo que tenía un sueño / (Registro nro. 11876)

Detalles MARC
000 -LIDER
fixed length control field 00972nam a22003137a 4500
001 - NÚMERO DE CONTROL
Identificador de número de control 000670
003 - IDENTIFICACDOR DE NÚMERO DE CONTROL
control field DO-SdBPM
005 - DATE AND TIME OF LATEST TRANSACTION
control field 20250331122742.0
007 - CAMPOS FIJOS DE DESCRIPCIÓN FÍSICA
fixed length control field 000670
008 - ELEMENTOS DE LONGITUD FIJA
fixed length control field 161109b2006 ag a |||| 00| 0 spa d
020 ## - ISBN
International Standard Book Number 9789870403470
040 ## - FUENTE DE CATALOGACIÓN
Agencia que crea de manera original el registro DO-SdBPM
Idioma de catalogación spa
Agencia que realiza la transcripción BPMSU
082 #4 - NÚMERO DE CLASIFICACIÓN DECIMAL DE DEWEY
Classification number A863.44
Item number G188c 2011
Edition number 22
100 1# - ASIENTO PRINCIPAL -- NOMBRE PERSONAL
Nombre personal Gambaro, Griselda
245 10 - MENCIÓN DE TITULO
Título El caballo que tenía un sueño /
Mención de responsabilidad Griselda Gambaro ; ilustraciones de Nancy Fiorini.
250 ## - MENCIÓN DE EDICION
Mención de edición 2a. ed., 4ª reimp.
260 ## - PUBLICACIÓN, DISTRIBUCIÓN, ETC. (PIE DE IMPRENTA)
Lugar de publicación, distribución, etc Buenos Aires :
Nombre del editor, distribuidor, etc. Alfaguara,
Fecha de publicación, distribución, etc 2011
Impresor
300 ## - DESCRIPCIÓN FÍSICA
Extensión 37 p. :
Otros detalles físicos il. ;
Dimensiones 19 cm.
490 0# - MENCIÓN DE SERIES
Mención de serie Alfaguara infantil ;
-- Amarilla
500 ## - NOTA GENERAL
Nota general
500 ## - NOTA GENERAL
Nota general Incluye datos de la autora
521 ## - TARGET AUDIENCE NOTE
Target audience note A partir de 6 años.
590 ## - NOTA LOCAL
Texto de la nota local Inventariado, 2025/VM
650 4# - ENCABEZAMIENTO DE MATERIA--TEMÁTICO
Término temático o nombre geográfico como elemento de entrada Cuentos infantiles argentinos
650 4# - ENCABEZAMIENTO DE MATERIA--TEMÁTICO
Término temático o nombre geográfico como elemento de entrada Libros ilustrados para niños
700 1# - ASIENTO SECUNDARIO -- NOMBRE PERSONAL
Nombre personal Fiorini, Nancy,
Mención de responsabilidad ilustración
910 ## - VALIDACIÓN
Validación VMateo V. Control de calidad. BPMSU
942 ## - ADDED ENTRY ELEMENTS (KOHA)
Source of classification or shelving scheme Dewey Decimal Classification
Koha item type Libros
Existencias
Withdrawn status Lost status Source of classification or shelving scheme Damaged status Not for loan Collection code Home library Current library Date acquired Source of acquisition Total Checkouts Full call number Barcode Date last seen Price effective from Koha item type Copy number
    Dewey Decimal Classification     Colección Infantil General Biblioteca Pública Metropolitana Salomé Ureña Biblioteca Pública Metropolitana Salomé Ureña 11/09/2016 Alfaguara   BPMSU CGI A863.44 G188c 2011 BPMSU16111145 11/09/2016 11/09/2016 Libros  
    Dewey Decimal Classification     Colección Infantil General Biblioteca Pública Metropolitana Salomé Ureña Biblioteca Pública Metropolitana Salomé Ureña 11/10/2016 Alfaguara   BPMSU CGI A863.44 G188c 2011 BPMSU16111189 11/10/2016 11/10/2016 Libros e.2
    Dewey Decimal Classification     Colección Infantil General Biblioteca Pública Metropolitana Salomé Ureña Biblioteca Pública Metropolitana Salomé Ureña 11/10/2016 Alfaguara   BPMSU CGI A863.44 G188c 2011 BPMSU16111190 11/10/2016 11/10/2016 Libros e.3